| 000 | 01029nam a22001935i 4500 | ||
|---|---|---|---|
| 001 | 157131 | ||
| 003 | ES-MaACL | ||
| 005 | 20250824063054.0 | ||
| 008 | 991021s1858 sp |||| | spa d | ||
| 040 |
_aCCPB | B _bspa _cCCPB | B |
||
| 100 | 1 |
_aLarra y Wetoret, Luis Mariano de, _d1830-1901 _970289 |
|
| 245 | 1 | 3 |
_aEl rey del mundo _b: comedia en tres actos y en verso / _coriginal de Luis Mariano de Larra. |
| 260 |
_aMadrid : _b[s.n.], _c1858 ( _fImprenta de José Rodriguez) |
||
| 300 |
_a83 p. ; _c20 cm. |
||
| 500 | _aEn port.: Representada por primera vez en el teatro del Circo el 2 de Abril de 1858, á beneficio del primer actor D. Julian Romea. | ||
| 596 | _aEdic.: En verso de la port. consta: "Los corresponsales del Sr. Gullon, editor de la galeria lírico-dramática El Teatro ..." | ||
| 852 |
_aES-MaACL _jF-8609(6) _z-- Enc. pasta española _q-- Falto de la cub. original _z.- Enc. en un vol. facticio formando parte de la col. facticia "Teatro español moderno", vol. 64 |
||
| 999 |
_c157131 _d157131 |
||